ARRUPE JESUIT UNIVERSITY

CORONAVIRUS -STOP THE SPREAD - CLEAN,DISINFECT,COVER

The Battle of Britain (Record no. 119433)

MARC details
000 -LEADER
fixed length control field 00510nam a22001337a 4500
008 - FIXED-LENGTH DATA ELEMENTS--GENERAL INFORMATION
fixed length control field 131220b xxu||||| |||| 00| 0 eng d
050 ## - LIBRARY OF CONGRESS CALL NUMBER
Classification number D756.5.B7
100 ## - MAIN ENTRY--PERSONAL NAME
Personal name Great Britain. War Office
9 (RLIN) 6246
245 ## - TITLE STATEMENT
Title The Battle of Britain
Remainder of title An Air Ministry account of the great days from 8th August - 31 October 1940
Statement of responsibility, etc Great Britain. War Office
260 ## - PUBLICATION, DISTRIBUTION, ETC. (IMPRINT)
Place of publication, distribution, etc London
Name of publisher, distributor, etc His Majesty's Stationery Office
Date of publication, distribution, etc 1941
300 ## - PHYSICAL DESCRIPTION
Extent 35p.;
Dimensions 24cm
650 ## - SUBJECT ADDED ENTRY--TOPICAL TERM
Topical term or geographic name as entry element Battle of Great Britain 1940
Geographic subdivision Britain.
9 (RLIN) 6247
942 ## - ADDED ENTRY ELEMENTS (KOHA)
Source of classification or shelving scheme Library of Congress Classification
Item type Monograph ( Printed materials)
Holdings
Withdrawn status Lost status Source of classification or shelving scheme Damaged status Not for loan Home library Current library Date acquired Total Checkouts Full call number Barcode Date last seen Price effective from Koha item type
    Library of Congress Classification     ARRUPE LIBRARY ARRUPE LIBRARY 20/12/2013   D756.5.B7 464122948 13/10/2017 20/12/2013 Monograph ( Printed materials)

 

Arrupe Library. PO Box MP320 Mt Pleasant, Harare, Zimbabwe
263 242 745411|librarian@aju.ac.zw